Five Long Nights - JT Music Lyrics - Statistics

General Stats
  • This quiz has been taken 40 times
  • The average score is 210 of 472
Answer Stats
Answer % Correct
night
88%
night!
88%
you
88%
You
88%
a
83%
five
83%
I
83%
long
83%
nights
83%
your
75%
to
71%
And
67%
and
67%
back
67%
it
67%
job
67%
job,
67%
the
67%
grab
63%
just
63%
just,
63%
Kick
63%
slice
63%
be
58%
Enjoy
58%
get
58%
go,
58%
If
58%
if
58%
I'm
58%
loss
58%
new
58%
on
58%
on,
58%
we
58%
Bonnie
54%
cover
54%
Freddy
54%
FREDDY!
54%
hurt
54%
in
54%
no
54%
No
54%
picked
54%
up
54%
6
50%
am
50%
fine
50%
hopin'
50%
it's
50%
It's
50%
me
50%
me,
50%
me!
50%
my
50%
that
50%
That
50%
these
50%
What
50%
what
50%
all
46%
All
46%
cannot
46%
do
46%
I'll
46%
is
46%
shift
46%
was
46%
ain't
42%
are
42%
aside,
42%
faces!
42%
gone
42%
graveyard
42%
hard
42%
inside...
42%
killed,
42%
legends
42%
Make
42%
noise?
42%
Not
42%
of
42%
Right?
42%
robot
42%
they
42%
this
42%
Why
42%
with
42%
working
42%
you'll
42%
After
38%
bite
38%
did
38%
fighting
38%
for
38%
hire
38%
insane!
38%
like
38%
minimum
38%
nothing
38%
raise
38%
seein'
38%
sick
38%
sinister
38%
survive...
38%
There's
38%
think
38%
Urban
38%
wage?
38%
walking
38%
way
38%
'87
33%
accidents
33%
actually?
33%
alive!
33%
But
33%
can't
33%
coming,
33%
could
33%
crawl
33%
does
33%
give
33%
GOLDEN
33%
halls
33%
happening?
33%
Honestly,
33%
should
33%
skin
33%
Somethin'
33%
starting
33%
things
33%
accurate
29%
baffling!
29%
business?
29%
don't
29%
Don't
29%
hands
29%
imagine
29%
now
29%
Now
29%
still
29%
their
29%
they're
29%
we're
29%
at
25%
better
25%
cameras
25%
every
25%
fall
25%
Freddy's
25%
how
25%
past
25%
power
25%
seem
25%
tragedy,
25%
What's
25%
less
21%
out
21%
out,
21%
out!
21%
than
21%
want
21%
catastrophe?!
17%
Chica's
17%
Come
17%
come
17%
event
17%
Foxy's
17%
full
17%
Got
17%
got
17%
had
17%
need
17%
over?!
17%
screwed,
17%
damn
13%
damn,
13%
foul
13%
goin'
13%
hallucinations,
13%
longer
13%
massive
13%
peekin'
13%
smell
13%
(Ah!)
8%
around
8%
around,
8%
closer
8%
creepin'
8%
creeping
8%
family
8%
haunted!
8%
mechanical
8%
more
8%
much
8%
odour
8%
office!
8%
stay
8%
steady
8%
till
8%
tweaking
8%
5am,
4%
6am
4%
adding
4%
anatomy,
4%
any
4%
article,
4%
baby,
4%
batteries
4%
clock
4%
closure...
4%
cold
4%
gettin'
4%
gravity
4%
havin'
4%
him
4%
info
4%
keeping
4%
knock
4%
Learning
4%
Look
4%
losing
4%
making
4%
Maybe
4%
might
4%
Okay,
4%
one!
4%
Or
4%
place
4%
reading
4%
really
4%
reconfigure
4%
reiterate
4%
rollin'
4%
run
4%
second
4%
sure
4%
that's
4%
Tick
4%
tick
4%
tock,
4%
tock...
4%
uh,
4%
wanna
4%
designated
0%
Everybody,
0%
let's
0%
Let's
0%
places!
0%
ready
0%
No matching quizzes found
Score Distribution
Percent of People with Each Score
Percentile by Number Answered
Your Score History
You have not taken this quiz